El don de la vida
Salvato in:
| Autori principali: | , , |
|---|---|
| Natura: | Libro |
| Lingua: | spagnolo |
| Pubblicazione: |
Madrid
PS
1987
|
| Soggetti: | |
| Tags: |
Aggiungi Tag
Nessun Tag, puoi essere il primo ad aggiungerne!!
|
MARC
| LEADER | 00000nam a2200000 a 4500 | ||
|---|---|---|---|
| 001 | UCU1855 | ||
| 003 | CL-VaPUC | ||
| 008 | 960412e19870000SP |||||||||||||||||spa|d | ||
| 082 | 0 | 4 | |a 176 |b VID |2 21 |
| 100 | |a Vidal García, Marciano |e author |9 600968 | ||
| 700 | 0 | |a Elizari Basterra, Francisco Javier |e author |9 357644 | |
| 700 | 0 | |a Rubio, Miguel |e author |9 357645 | |
| 245 | 1 | 3 | |a El don de la vida |
| 246 | 1 | 0 | |a Etica de la procreación humana |
| 300 | |a 240 p | ||
| 942 | |c BK | ||
| 945 | |d 19960412 00:00:00 |a aalvarez | ||
| 260 | |a Madrid |b PS |c 1987 | ||
| 650 | 7 | |a ETICA SEXUAL |2 CL-VaPUC |9 357646 | |
| 650 | 0 | |a Reproducción humana |9 257469 | |
| 650 | 7 | |a BIOLOGIA HUMANA |2 CL-VaPUC |9 269547 | |
| 583 | |a last modification |c 19960412 00:00:00 |k Rodrigo Vera | ||
| 999 | |c 246329 |d 246327 | ||
| 952 | |0 0 |1 0 |4 0 |6 176_000000000000000_VID_1987 |7 0 |8 A |9 261220 |a BIBTEO |b BIBTEO |d 2019-11-19 |i 3185982 |o 176 VID 1987 |p 3185982 |r 2025-01-17 |w 2019-11-19 |y BK |k ICR | ||